000 00630nam a2200241Ia 4500
003 OSt
005 20251024184642.0
008 210423s2011 xx 000 0 und d
020 _a9789380836034
040 _cAL
041 _aEnglish
082 _a361.3
_bGAUS
100 _aGautam P R
_9120579
245 _aSocial work and community development
260 _aNew Delhi
_bCentrum Press
_c2011
300 _a304
_bHB
365 _b900
_cINR
650 _aSocial Work
_9120580
650 _aSocial Work
_9120580
700 _aSingh, R S
_9242720
906 _acommunity ; development. ; Social ; work
942 _2ddc
_cBK
999 _c175881
_d175881